Groß Lomnitz - ein deutsches Dorf unter der Hohen Tatra ein Lesebuch für jung und alt : Geschichte und Geschichten

Bibliographic Details
Main Author: Schmidt, Adalbert, 1920- (Author)
Format: Book
Language:German
PhysicalDescription:165 s. fotogr., ilustr., mp., portréty 21 cm
Published: [S.l. Adalbert Schmidt 1988?]
Subjects:

MARC

LEADER 00000nam a2200000 a 4500
001 vtls008949776
003 SK-MaSNL
005 20260301210136.0
008 240313s1988 gw oabc n 000 0dger
015 |a SNBZSA2008-00072 
020 |q (brož.) 
040 |a SNK  |b slo  |c SNK  |e AACR2 
041 0 |a ger 
043 |a e-xo---  |a e-gw--- 
044 |a gw  |c DE 
072 7 |a 908(437)  |x Vlastiveda Česka a Slovenska  |2 konspekt 
072 7 |a 94(437)  |x Dejiny Česka a Slovenska  |2 konspekt 
080 |a 908(437.6)  |2 2001 
080 |a 94(=112.2)  |x (437.6)  |2 2001 
080 |a 323.15(=112.2)  |2 2001 
080 |a 39(=112.2)  |2 2001 
100 1 |a Schmidt, Adalbert,  |d 1920-  |4 aut  |9 593241 
245 1 0 |a Groß Lomnitz - ein deutsches Dorf unter der Hohen Tatra  |b ein Lesebuch für jung und alt : Geschichte und Geschichten  |c Adalbert Schmidt 
260 |a [S.l.  |b Adalbert Schmidt  |c 1988?] 
300 |a 165 s.  |b fotogr., ilustr., mp., portréty  |c 21 cm 
504 |a Bibliogr. 
650 0 7 |a Karpatskí Nemci  |2 snkph  |9 253235 
651 7 |a Veľká Lomnica (Slovensko)  |2 snkph  |9 26701 
655 7 |a vlastivedné publikácie  |2 snkph  |9 404774 
958 |a ZS 
958 |a DE 
958 |a NB 
958 |a NM 
958 |a OND 
999 |c 912622  |d 914552 
952 |a SNK  |b SNK  |y PREZ  |7 0  |p 17A0535360  |o snkSC 126963  |i snk2007/6038  |8 2  |g 11.82  |0 0  |1 0  |4 0  |d 2007-02-27  |l 0  |r 2025-06-16 00:00:00  |w 2026-02-24